000 00344nmm a2200145 a 4500
003 AR-BaBNM
005 20251128202706.0
008 213119s1929 ||||||||||||||000 | spa||
040 _cAR-BaBNM
100 1 _aToutain, J.
245 1 0 _aLa economía en la Edad Antigua
260 _a[S.l.]
_bCervantes
_c1929
942 _cBK
998 _cMato Mourazos
999 _c145
_d145